| 000 | 00504ntaaa2200193 4500 | ||
|---|---|---|---|
| 003 | 01 | ||
| 005 | 20251027202103.0 | ||
| 008 | 0714s1973 ag 01 | ||
| 040 |
_aAR-BaBN _bspa _cAR-BaBN _eaacr _dRIC |
||
| 082 | _a252.0000 Sa4 | ||
| 100 |
_aSami, José E _919385 |
||
| 245 | _aSeñor, qué quieres que haga? | ||
| 250 | _a1 ed. | ||
| 260 |
_aBuenos Aires : _bJunta Bautista de Publicaciones, _cc1959 |
||
| 300 | _a93 p | ||
| 650 |
_asermones juveniles _919386 |
||
| 650 | _avida cristiana | ||
| 942 | _cBK | ||
| 999 |
_c15705 _d15705 |
||